[Event "Titled Tuesday intern op 16th Apr Early"]
[Site "Chess.com INT"]
[Date "2024.04.16"]
[Round "10"]
[White "Aditya, Varun Gampa"]
[Black "Golubev, Mikhail"]
[Result "1/2-1/2"]
[WhiteElo "2325"]
[BlackElo "2461"]
[PlyCount "165"]
[EventDate "2024.04.16"]
[EventType "swiss (blitz)"]
[EventRounds "11"]
[EventCountry "USA"]
[SourceTitle "CB17_2024"]
[SourceDate "2024.04.24"]
[SourceVersion "1"]
[SourceVersionDate "2024.04.24"]
[SourceQuality "1"]

1. e4 c5 2. Nc3 d6 3. f4 g6 4. Nf3 Bg7 5. Bb5+ Bd7 6. Bxd7+ Qxd7 7. 0-0 Nf6 8. d3 Nc6 9. Qe1 h6 10. Bd2 Rc8 11. e5 dxe5 12. fxe5 Ng4 13. Ne4 Ngxe5 14. Nxc5 Nxf3+ 15. Rxf3 Qd4+ 16. Be3 Qxb2 17. Rb1 Qxc2 18. Rxb7 0-0 19. Rf2 Qc3 20. Qxc3 Bxc3 21. Ne4 Bg7 22. h4 Rfd8 23. Rd2 e6 24. Rf2 Rf8 25. Nd6 Rb8 26. Rxb8 Rxb8 27. Nxf7 Rb2 28. Nxh6+ Bxh6 29. Bxh6 Rb1+ 30. Kh2 Nd4 31. Be3 Nf5 32. Bxa7 Rb7 33. Bc5 Nxh4 34. a4 Nf5 35. a5 Rh7+ 36. Kg1 Ng3 37. Rf8+ Kg7 38. Rb8 Ne2+ 39. Kf2 Nf4 40. Rb7+ Kg8 41. Rxh7 Kxh7 42. Ke3 Nd5+ 43. Kd4 Kg7 44. a6 Nc7 45. a7 Kf6 46. Bd6 Nb5+ 47. Kc5 Nxa7 48. d4 Nc8 49. Be5+ Kf7 50. Bd6 Ke8 51. Kc6 Na7+ 52. Kb6 Kd7 53. Be5 Nc6 54. Bf6 Nb4 55. Kc5 Nd5 56. Be5 Ne3 57. g3 g5 58. Bf6 g4 59. Be5 Nd5 60. Kc4 Ke7 61. Kd3 Kf7 62. Ke4 Kg6 63. Bd6 Kf6 64. Be5+ Kg5 65. Bf4+ Nxf4 66. gxf4+ Kf6 67. Kd3 Kf5 68. Ke3 g3 69. Kf3 g2 70. Kxg2 Kxf4 71. d5 exd5 72. Kf2 Ke4 73. Ke2 Ke5 74. Ke3 d4+ 75. Kd3 Kd5 76. Kd2 Ke4 77. Ke2 d3+ 78. Kd2 Kd4 79. Kd1 Kc4 80. Kd2 Kd4 81. Kd1 Ke4 82. Kd2 Kf3 83. Kxd3 1/2-1/2

[Event "Titled Tuesday intern op 16th Apr Early"]
[Site "Chess.com INT"]
[Date "2024.04.16"]
[Round "4"]
[White "Dias, Paulo Jorge Guimara"]
[Black "Golubev, Mikhail"]
[Result "0-1"]
[WhiteElo "2308"]
[BlackElo "2461"]
[PlyCount "44"]
[EventDate "2024.04.16"]
[EventType "swiss (blitz)"]
[EventRounds "11"]
[EventCountry "USA"]
[SourceTitle "CB17_2024"]
[SourceDate "2024.04.24"]
[SourceVersion "1"]
[SourceVersionDate "2024.04.24"]
[SourceQuality "1"]

1. e4 c5 2. Nc3 g6 3. g3 Bg7 4. Bg2 Nc6 5. d3 e6 6. Be3 d6 7. Qd2 Rb8 8. Nge2 b5 9. 0-0 b4 10. Nd1 Nge7 11. Bh6 0-0 12. Bxg7 Kxg7 13. c3 bxc3 14. bxc3 Qa5 15. Ne3 Ba6 16. Rfd1 Ne5 17. d4 Nc4 18. Nxc4 Bxc4 19. e5 d5 20. Nf4 cxd4 21. Qxd4 Rb2 22. h4 Nf5 0-1

[Event "Titled Tuesday intern op 16th Apr Late"]
[Site "Chess.com INT"]
[Date "2024.04.16"]
[Round "7"]
[White "Golubev, Mikhail"]
[Black "Diaz, Fernando"]
[Result "1-0"]
[WhiteElo "2461"]
[BlackElo "2086"]
[PlyCount "159"]
[EventDate "2024.04.16"]
[EventType "swiss (blitz)"]
[EventRounds "11"]
[EventCountry "USA"]
[SourceTitle "CB17_2024"]
[SourceDate "2024.04.24"]
[SourceVersion "1"]
[SourceVersionDate "2024.04.24"]
[SourceQuality "1"]

1. e4 e6 2. d4 d5 3. e5 c5 4. c3 Nc6 5. Nf3 Qb6 6. Bd3 cxd4 7. 0-0 Bd7 8. Nbd2 dxc3 9. bxc3 Nge7 10. Re1 Ng6 11. Nb3 Be7 12. Rb1 Qc7 13. Qe2 0-0 14. Nbd4 a6 15. h4 Bc5 16. h5 Nge7 17. h6 g6 18. Bg5 Nf5 19. Bxf5 exf5 20. Bf6 Rfe8 21. Qd2 Rac8 22. Rbd1 Be6 23. Qg5 Nxd4 24. Nxd4 Bf8 25. Re3 Qa5 26. Bg7 Bxg7 27. hxg7 Rxc3 28. Rxc3 Qxc3 29. Qh6 Qc4 30. Nf3 Qg4 31. Rd4 Qh5 32. Qe3 f4 33. Rxf4 Bg4 34. Nd4 Rxe5 35. Qd2 Kxg7 36. Qc3 f6 37. f3 Bd7 38. Nc2 Qg5 39. Rd4 Qc1+ 40. Kf2 Re7 41. Rd2 Qb1 42. Qd4 Qb5 43. Ne3 Qc6 44. Ng4 Rf7 45. Ne3 Be6 46. g4 h6 47. f4 g5 48. f5 Bc8 49. Nxd5 Rd7 50. Qe3 Rxd5 51. Qe7+ Kg8 52. Rxd5 Qxd5 53. Qe8+ Kg7 54. Qg6+ Kf8 55. Qxf6+ Qf7 56. Qd8+ Qe8 57. Qf6+ Qf7 58. Qd8+ Qe8 59. Qf6+ Kg8 60. Qxh6 Qe7 61. f6 Qf7 62. Qxg5+ Kf8 63. Qc5+ Kg8 64. Qxc8+ Kh7 65. Qf5+ Kg8 66. g5 Qxa2+ 67. Kf3 Qb3+ 68. Kf4 Qc4+ 69. Qe4 Qf1+ 70. Ke5 Qa1+ 71. Kd6 Qa3+ 72. Kd7 Qa4+ 73. Qxa4 b5 74. Kd8 bxa4 75. Ke7 Kh7 76. f7 Kg6 77. f8Q Kxg5 78. Qf6+ Kg4 79. Qa1 Kh3 80. Qxa4 1-0

[Event "Titled Tuesday intern op 16th Apr Late"]
[Site "Chess.com INT"]
[Date "2024.04.16"]
[Round "2"]
[White "Golubev, Mikhail"]
[Black "Holt, Conrad"]
[Result "0-1"]
[WhiteElo "2461"]
[BlackElo "2540"]
[PlyCount "76"]
[EventDate "2024.04.16"]
[EventType "swiss (blitz)"]
[EventRounds "11"]
[EventCountry "USA"]
[SourceTitle "CB17_2024"]
[SourceDate "2024.04.24"]
[SourceVersion "1"]
[SourceVersionDate "2024.04.24"]
[SourceQuality "1"]

1. e4 e6 2. d4 d5 3. e5 c5 4. c3 Bd7 5. Nf3 Nc6 6. Be2 Qb6 7. 0-0 Nge7 8. Na3 cxd4 9. cxd4 Nf5 10. Nc2 h5 11. Bd3 Rc8 12. Bxf5 exf5 13. Bf4 Be7 14. Rc1 Be6 15. Qd2 Qa5 16. Qxa5 Nxa5 17. Ne3 Kd7 18. h4 Nc4 19. Nxc4 dxc4 20. d5 Bxd5 21. Rfd1 Rc5 22. Be3 Ra5 23. Rxc4 Rd8 24. Bg5 Ke8 25. Bxe7 Kxe7 26. Rcd4 Bxf3 27. Rxd8 Bxd1 28. Rxd1 Rxa2 29. Rd2 a5 30. Kf1 a4 31. Ke2 b5 32. Kd3 b4 33. Rc2 a3 34. Rc7+ Kd8 35. Rxf7 Rxb2 36. e6 a2 37. Ra7 b3 38. Kd4 Rb1 0-1

[Event "Titled Tuesday intern op 16th Apr Late"]
[Site "Chess.com INT"]
[Date "2024.04.16"]
[Round "6"]
[White "Golubev, Mikhail"]
[Black "Morales Garcia, Sergio Joshafatt"]
[Result "0-1"]
[WhiteElo "2461"]
[BlackElo "2249"]
[PlyCount "106"]
[EventDate "2024.04.16"]
[EventType "swiss (blitz)"]
[EventRounds "11"]
[EventCountry "USA"]
[SourceTitle "CB17_2024"]
[SourceDate "2024.04.24"]
[SourceVersion "1"]
[SourceVersionDate "2024.04.24"]
[SourceQuality "1"]

1. e4 c5 2. Nf3 e6 3. d4 cxd4 4. Nxd4 Nc6 5. Nc3 Qc7 6. Be3 a6 7. Bd3 Nf6 8. 0-0 b5 9. Nxc6 Qxc6 10. a3 Bb7 11. Qe2 Rc8 12. Kh1 Be7 13. f4 d6 14. e5 dxe5 15. fxe5 Nd7 16. Be4 Qc7 17. Rxf7 Kxf7 18. Qf3+ Kg8 19. Bxb7 Rf8 20. Qe4 Nc5 21. Bxc5 Qxc5 22. Bxa6 h5 23. Bxb5 h4 24. Bc4 Rh5 25. Bxe6+ Kh8 26. Nd5 Qf2 27. h3 Bc5 28. Qg4 Qf1+ 29. Kh2 Bg1+ 30. Kh1 Bd4+ 31. Rxf1 Rxf1+ 32. Kh2 Bg1+ 33. Kh1 Bf2+ 34. Kh2 Bg3+ 35. Qxg3 hxg3+ 36. Kxg3 Rxe5 37. Nf4 Rxf4 38. Kxf4 Rxe6 39. c4 Rc6 40. b3 Kg8 41. Ke5 Kf7 42. Kd5 Ra6 43. b4 Rxa3 44. b5 Ke7 45. Kc6 Kd8 46. b6 Kc8 47. c5 Rc3 48. Kd6 Rd3+ 49. Kc6 Rc3 50. Kd6 Kb7 51. h4 Rd3+ 52. Ke6 Kc6 53. Kf7 Rg3 0-1

[Event "Titled Tuesday intern op 16th Apr Late"]
[Site "Chess.com INT"]
[Date "2024.04.16"]
[Round "5"]
[White "Kovalevsky, Stanislav"]
[Black "Golubev, Mikhail"]
[Result "1/2-1/2"]
[WhiteElo "2128"]
[BlackElo "2461"]
[PlyCount "137"]
[EventDate "2024.04.16"]
[EventType "swiss (blitz)"]
[EventRounds "11"]
[EventCountry "USA"]
[SourceTitle "CB17_2024"]
[SourceDate "2024.04.24"]
[SourceVersion "1"]
[SourceVersionDate "2024.04.24"]
[SourceQuality "1"]

1. e4 c5 2. c3 Nf6 3. e5 Nd5 4. Nf3 Nc6 5. Bc4 Nb6 6. Bb3 d6 7. exd6 c4 8. Bc2 Qxd6 9. 0-0 Bg4 10. a4 Qd5 11. Re1 Bxf3 12. Qxf3 Qxf3 13. gxf3 Na5 14. d4 cxd3 15. Bxd3 Nb3 16. Bb5+ Kd8 17. Ra3 Nxc1 18. Rxc1 e6 19. Ra1 Bd6 20. Rd1 Ke7 21. a5 Nd5 22. a6 bxa6 23. Bc6 Rab8 24. Bxd5 exd5 25. Rxa6 Rxb2 26. Rxa7+ Ke6 27. Na3 Bxa3 28. Rxa3 Rhb8 29. Re1+ Kf6 30. Ra4 Rb1 31. Rf4+ Kg6 32. Rg4+ Kf5 33. Rxb1 Rxb1+ 34. Kg2 g6 35. c4 Rb4 36. cxd5 Rxg4+ 37. fxg4+ Ke5 38. Kf3 Kxd5 39. Kf4 h6 40. h4 f6 41. h5 gxh5 42. gxh5 Ke6 43. Ke4 f5+ 44. Kd4 f4 45. Ke4 f3 46. Kxf3 Kf5 47. Ke3 Kg5 48. Ke4 Kxh5 49. Ke5 Kg6 50. f4 Kf7 51. Kf5 h5 52. Kg5 h4 53. Kxh4 Kf6 54. Kg4 Kg6 55. Kf3 Kf5 56. Kg3 Kf6 57. Kf2 Kf5 58. Kf3 Kf6 59. Ke4 Ke6 60. f5+ Kf6 61. Kf4 Kf7 62. Ke5 Ke7 63. f6+ Kf7 64. Kf5 Kf8 65. Kf4 Kf7 66. Kg5 Kf8 67. Kg6 Kg8 68. f7+ Kf8 69. Kf6 1/2-1/2

[Event "Titled Tuesday intern op 02nd Apr Early"]
[Site "Chess.com INT"]
[Date "2024.04.02"]
[Round "5"]
[White "Golubev, Mikhail"]
[Black "Ganzhurov, Roman"]
[Result "1/2-1/2"]
[WhiteElo "2461"]
[BlackElo "2039"]
[PlyCount "116"]
[EventDate "2024.04.02"]
[EventType "swiss (blitz)"]
[EventRounds "11"]
[EventCountry "USA"]
[SourceTitle "CB15_2024"]
[SourceDate "2024.04.10"]
[SourceVersion "1"]
[SourceVersionDate "2024.04.10"]
[SourceQuality "1"]

1. e4 c5 2. Nf3 d6 3. d4 cxd4 4. Nxd4 Nf6 5. Nc3 a6 6. Bc4 e6 7. 0-0 Be7 8. Bb3 b5 9. Qf3 0-0 10. e5 Nd5 11. Nxd5 exd5 12. Bxd5 Ra7 13. e6 fxe6 14. Nxe6 Bxe6 15. Bxe6+ Kh8 16. Qh3 Bf6 17. Bf5 h6 18. Qh5 Qe8 19. Qxe8 Rxe8 20. Be3 Rc7 21. c3 Nc6 22. Rad1 Be5 23. g3 b4 24. cxb4 Nxb4 25. a3 Nc2 26. Bb6 Rb7 27. Bxc2 Rxb6 28. b4 Ra8 29. Be4 Rf8 30. Rd3 g5 31. Rc1 Rf7 32. Kg2 Kg7 33. Bd5 Ra7 34. Rc8 a5 35. bxa5 Rb2 36. Rf3 Rd2 37. Bc4 d5 38. Rd8 Rxa5 39. Rf5 Bf6 40. Rfxd5 Rdxd5 41. Rxd5 Rxa3 42. Rd7+ Kh8 43. Kh3 Ra4 44. Bf7 Rb4 45. Bg6 Rd4 46. Rxd4 Bxd4 47. f3 Kg7 48. Bf5 Bc3 49. Be4 Bd4 50. Kg4 Be5 51. h4 gxh4 52. Kxh4 Bf6+ 53. Kg4 Be7 54. f4 Kf6 55. Kf3 Kg7 56. g4 Bf6 57. g5 hxg5 58. fxg5 Bxg5 1/2-1/2

[Event "Titled Tuesday intern op 02nd Apr Late"]
[Site "Chess.com INT"]
[Date "2024.04.02"]
[Round "2"]
[White "Golubev, Mikhail"]
[Black "Grigoriants, Sergey"]
[Result "0-1"]
[WhiteElo "2461"]
[BlackElo "2536"]
[PlyCount "44"]
[EventDate "2024.04.02"]
[EventType "swiss (blitz)"]
[EventRounds "11"]
[EventCountry "USA"]
[SourceTitle "CB15_2024"]
[SourceDate "2024.04.10"]
[SourceVersion "1"]
[SourceVersionDate "2024.04.10"]
[SourceQuality "1"]

1. e4 e6 2. d4 d5 3. e5 c5 4. c3 Nc6 5. Nf3 Bd7 6. Be2 f6 7. 0-0 fxe5 8. Nxe5 Nxe5 9. dxe5 Qc7 10. c4 Qxe5 11. Re1 0-0-0 12. Bf3 Qf5 13. cxd5 exd5 14. Nc3 Nf6 15. g4 Nxg4 16. Nxd5 Ne5 17. Rxe5 Qxe5 18. Bf4 Qf5 19. Qe2 Qg6+ 20. Kh1 Bd6 21. Ne7+ Bxe7 22. Qxe7 Bc6 0-1

[Event "Titled Tuesday intern op 02nd Apr Early"]
[Site "Chess.com INT"]
[Date "2024.04.02"]
[Round "2"]
[White "Golubev, Mikhail"]
[Black "Pavlidou, Ekaterini"]
[Result "1-0"]
[WhiteElo "2461"]
[BlackElo "2201"]
[PlyCount "49"]
[EventDate "2024.04.02"]
[EventType "swiss (blitz)"]
[EventRounds "11"]
[EventCountry "USA"]
[SourceTitle "CB15_2024"]
[SourceDate "2024.04.10"]
[SourceVersion "1"]
[SourceVersionDate "2024.04.10"]
[SourceQuality "1"]

1. e4 c5 2. Ne2 e6 3. d4 cxd4 4. Nxd4 Nc6 5. Nc3 Nf6 6. a3 a6 7. Nxc6 bxc6 8. e5 Nd5 9. Ne4 Qc7 10. f4 c5 11. c4 Nb6 12. Nd6+ Bxd6 13. exd6 Qc6 14. Be2 Bb7 15. Bf3 Qc8 16. b3 Bc6 17. 0-0 f5 18. Bb2 0-0 19. Rc1 a5 20. a4 Rb8 21. Qd2 Bxf3 22. Rxf3 Qb7 23. Rg3 Rf7 24. Qc3 e5 25. Qxe5 1-0

[Event "Titled Tuesday intern op 02nd Apr Early"]
[Site "Chess.com INT"]
[Date "2024.04.02"]
[Round "9"]
[White "Heinemann, Josefine"]
[Black "Golubev, Mikhail"]
[Result "1-0"]
[WhiteElo "2303"]
[BlackElo "2461"]
[PlyCount "65"]
[EventDate "2024.04.02"]
[EventType "swiss (blitz)"]
[EventRounds "11"]
[EventCountry "USA"]
[SourceTitle "CB15_2024"]
[SourceDate "2024.04.10"]
[SourceVersion "1"]
[SourceVersionDate "2024.04.10"]
[SourceQuality "1"]

1. e4 c5 2. Nf3 d6 3. d4 cxd4 4. Nxd4 Nf6 5. Nc3 g6 6. Be3 Bg7 7. f3 a6 8. Bc4 Nbd7 9. Qd2 b5 10. Bd5 Nxd5 11. Nxd5 Bb7 12. 0-0-0 Bxd5 13. exd5 Nf6 14. Nc6 Qd7 15. Rhe1 0-0 16. Bd4 Rfe8 17. Bxf6 Bxf6 18. g4 e5 19. Kb1 Bg7 20. h4 e4 21. Rxe4 Rxe4 22. fxe4 Qxg4 23. e5 Bxe5 24. Nxe5 dxe5 25. d6 Qd7 26. h5 Re8 27. hxg6 fxg6 28. Qd5+ Kg7 29. a3 h5 30. Re1 Qf7 31. Qc6 h4 32. Qxa6 Rd8 33. Qxb5 1-0

[Event "Titled Tuesday intern op 02nd Apr Early"]
[Site "Chess.com INT"]
[Date "2024.04.02"]
[Round "4"]
[White "Sarana, Alexey"]
[Black "Golubev, Mikhail"]
[Result "1-0"]
[WhiteElo "2703"]
[BlackElo "2461"]
[PlyCount "63"]
[EventDate "2024.04.02"]
[EventType "swiss (blitz)"]
[EventRounds "11"]
[EventCountry "USA"]
[SourceTitle "CB15_2024"]
[SourceDate "2024.04.10"]
[SourceVersion "1"]
[SourceVersionDate "2024.04.10"]
[SourceQuality "1"]

1. d4 Nf6 2. c4 g6 3. Nc3 Bg7 4. e4 d6 5. Be2 0-0 6. Be3 c5 7. d5 e6 8. Nf3 exd5 9. cxd5 b5 10. e5 dxe5 11. Bxc5 Re8 12. Bxb5 Bd7 13. Be2 Bg4 14. 0-0 Nbd7 15. Be3 Rb8 16. b3 Bxf3 17. Bxf3 e4 18. Be2 Nb6 19. d6 Re6 20. Bf4 Nh5 21. Bxh5 gxh5 22. Rc1 Be5 23. Bxe5 Rxe5 24. Qd4 Qg5 25. Nxe4 Qg7 26. Rc5 Rxc5 27. Qxc5 Rc8 28. Qxc8+ Nxc8 29. d7 Qf8 30. Nf6+ Kh8 31. Ne8 Qxe8 32. dxe8Q+ 1-0

[Event "Titled Tuesday intern op 02nd Apr Late"]
[Site "Chess.com INT"]
[Date "2024.04.02"]
[Round "7"]
[White "Yanchenko, Roman"]
[Black "Golubev, Mikhail"]
[Result "1/2-1/2"]
[WhiteElo "2466"]
[BlackElo "2461"]
[PlyCount "70"]
[EventDate "2024.04.02"]
[EventType "swiss (blitz)"]
[EventRounds "11"]
[EventCountry "USA"]
[SourceTitle "CB15_2024"]
[SourceDate "2024.04.10"]
[SourceVersion "1"]
[SourceVersionDate "2024.04.10"]
[SourceQuality "1"]

1. d4 Nf6 2. Nf3 d6 3. Bf4 Nbd7 4. e3 Nh5 5. Bg3 Nxg3 6. hxg3 g6 7. c4 Bg7 8. Nc3 c5 9. Be2 0-0 10. 0-0 Nf6 11. dxc5 dxc5 12. Qxd8 Rxd8 13. Rad1 Bf5 14. b3 Ne4 15. Nxe4 Bxe4 16. Rxd8+ Rxd8 17. Rd1 Rxd1+ 18. Bxd1 Bxf3 19. Bxf3 b6 20. Bc6 Kf8 21. Kf1 e6 22. Ke2 Ke7 23. f4 Kd6 24. Bb5 h5 25. Kf3 Ke7 26. e4 Bd4 27. e5 Kf8 28. g4 hxg4+ 29. Kxg4 Ke7 30. Kf3 Kf8 31. g4 Ke7 32. Ke4 Kf8 33. f5 gxf5+ 34. gxf5 exf5+ 35. Kxf5 Ke7 1/2-1/2

[Event "Titled Tuesday intern op 12th Mar Early"]
[Site "Chess.com INT"]
[Date "2024.03.12"]
[Round "4"]
[White "Golubev, Mikhail"]
[Black "Bluebaum, Matthias"]
[Result "0-1"]
[WhiteElo "2461"]
[BlackElo "2655"]
[PlyCount "72"]
[EventDate "2024.03.12"]
[EventType "swiss (blitz)"]
[EventRounds "11"]
[EventCountry "USA"]
[SourceTitle "CB12_2024"]
[SourceDate "2023.10.01"]
[SourceVersion "1"]
[SourceVersionDate "2023.10.01"]
[SourceQuality "1"]

1. e4 e6 2. d4 d5 3. Nc3 Nf6 4. Bg5 dxe4 5. Nxe4 Be7 6. Bxf6 Bxf6 7. Nf3 Nd7 8. Qd2 Be7 9. 0-0-0 0-0 10. Bd3 c5 11. dxc5 Qc7 12. Rhe1 b6 13. c6 Qxc6 14. Neg5 Nf6 15. Ne5 Qc7 16. Bc4 b5 17. Bb3 a5 18. Nexf7 Rxf7 19. Rxe6 Bxe6 20. Nxe6 Qb6 21. Ng5 Raf8 22. Qe2 a4 23. Bxf7+ Rxf7 24. Nxf7 Kxf7 25. Qf3 Qc5 26. a3 b4 27. axb4 Qxb4 28. h3 h6 29. Qd3 Kg8 30. Qd2 Qc4 31. Qd3 Qa2 32. c3 a3 33. Qb1 axb2+ 34. Kc2 Qa4+ 35. Kxb2 Ne4 36. Rd4 Qa3+ 0-1

[Event "Titled Tuesday intern op 12th Mar Early"]
[Site "Chess.com INT"]
[Date "2024.03.12"]
[Round "9"]
[White "Omariev, Maksim"]
[Black "Golubev, Mikhail"]
[Result "0-1"]
[WhiteElo "2304"]
[BlackElo "2461"]
[PlyCount "42"]
[EventDate "2024.03.12"]
[EventType "swiss (blitz)"]
[EventRounds "11"]
[EventCountry "USA"]
[SourceTitle "CB12_2024"]
[SourceDate "2023.10.01"]
[SourceVersion "1"]
[SourceVersionDate "2023.10.01"]
[SourceQuality "1"]

1. g4 d5 2. Bg2 c6 3. h3 h5 4. g5 e5 5. d4 e4 6. c4 Bb4+ 7. Nc3 Ne7 8. Qb3 Ba5 9. Bd2 0-0 10. h4 dxc4 11. Qxc4 Be6 12. Qa4 b5 13. Qc2 e3 14. fxe3 Bxc3 15. bxc3 Qd6 16. 0-0-0 Nd7 17. e4 Nb6 18. e5 Qa3+ 19. Kb1 Ned5 20. e4 Nc4 21. exd5 Bf5 0-1

[Event "Titled Tuesday intern op 12th Mar Late"]
[Site "Chess.com INT"]
[Date "2024.03.12"]
[Round "6"]
[White "Popov, Konstantin"]
[Black "Golubev, Mikhail"]
[Result "1-0"]
[WhiteElo "2364"]
[BlackElo "2461"]
[PlyCount "81"]
[EventDate "2024.03.12"]
[EventType "swiss (blitz)"]
[EventRounds "11"]
[EventCountry "USA"]
[SourceTitle "CB12_2024"]
[SourceDate "2023.10.01"]
[SourceVersion "1"]
[SourceVersionDate "2023.10.01"]
[SourceQuality "1"]

1. e4 c5 2. Nf3 d6 3. d4 Nf6 4. Nc3 cxd4 5. Nxd4 g6 6. Be3 Bg7 7. f3 Nc6 8. Qd2 0-0 9. 0-0-0 d5 10. exd5 Nxd5 11. Nxc6 bxc6 12. Bd4 Bxd4 13. Qxd4 Qb6 14. Ne4 Ne3 15. Rd3 Nxf1 16. Rxf1 Ba6 17. c4 c5 18. Qc3 Bb7 19. Nf2 Rfd8 20. Re1 Qc7 21. Qe5 Qa5 22. Kb1 Ba6 23. b3 Bxc4 24. Rc3 Be6 25. Ne4 Bf5 26. Qxc5 Qxc5 27. Rxc5 Rd2 28. Rc2 Rxc2 29. Kxc2 Rd8 30. Kc3 Kg7 31. Nc5 Rc8 32. b4 a5 33. Rxe7 axb4+ 34. Kxb4 Rb8+ 35. Kc3 Rc8 36. Kb4 Rd8 37. g4 Bc8 38. Rc7 Kf6 39. a4 Rd4+ 40. Kc3 Rd8 41. a5 1-0

[Event "Titled Tuesday intern op 27th Feb Late"]
[Site "Chess.com INT"]
[Date "2024.02.27"]
[Round "2"]
[White "Golubev, Mikhail"]
[Black "Caruana, Fabiano"]
[Result "1/2-1/2"]
[WhiteElo "2461"]
[BlackElo "2804"]
[PlyCount "77"]
[EventDate "2024.02.27"]
[EventType "swiss (blitz)"]
[EventRounds "11"]
[EventCountry "USA"]
[SourceTitle "CB10_2024"]
[SourceDate "2024.03.06"]
[SourceVersion "1"]
[SourceVersionDate "2024.03.06"]
[SourceQuality "1"]

1. e4 c5 2. Nf3 d6 3. d4 cxd4 4. Nxd4 Nf6 5. Nc3 a6 6. Bc4 e6 7. 0-0 Be7 8. Bb3 0-0 9. f4 Nc6 10. Be3 Bd7 11. f5 Nxd4 12. Bxd4 Rc8 13. Qd3 e5 14. Bf2 Qa5 15. Bh4 Qc5+ 16. Kh1 Qd4 17. Qf3 Bc6 18. Bxf6 Bxf6 19. Rad1 Qc5 20. Nd5 Bxd5 21. Rxd5 Qb6 22. Rfd1 Rfd8 23. a4 Rd7 24. g3 h6 25. Kg2 a5 26. h4 Qd8 27. Kh3 b6 28. c3 Rc6 29. Qh5 Rc5 30. Rxc5 bxc5 31. Rd2 Qb6 32. Bc4 Qc6 33. Bb5 Qxe4 34. Bxd7 Qh1+ 35. Rh2 Qf1+ 36. Rg2 Qh1+ 37. Rh2 Qf1+ 38. Rg2 Qh1+ 39. Rh2 1/2-1/2

[Event "Titled Tuesday intern op 13th Feb Early"]
[Site "Chess.com INT"]
[Date "2024.02.13"]
[Round "4"]
[White "Golubev, Mikhail"]
[Black "Krzywda, Andrzej"]
[Result "0-1"]
[WhiteElo "2461"]
[BlackElo "2211"]
[PlyCount "54"]
[EventDate "2024.02.13"]
[EventType "swiss (blitz)"]
[EventRounds "11"]
[EventCountry "USA"]
[SourceTitle "CB08_2024"]
[SourceDate "2024.02.21"]
[SourceVersion "1"]
[SourceVersionDate "2024.02.21"]
[SourceQuality "1"]

1. e4 e5 2. Nf3 Nf6 3. Nc3 Bb4 4. Nxe5 0-0 5. Nd3 Bxc3 6. dxc3 Nxe4 7. Be2 Re8 8. 0-0 d6 9. Nf4 Nd7 10. Be3 Ndf6 11. c4 b6 12. Bd4 Bb7 13. f3 Ng5 14. Qd2 Ne6 15. Nxe6 Rxe6 16. Rad1 Nd7 17. b3 h6 18. f4 f5 19. Bb2 Nc5 20. Bd3 Qf8 21. b4 Ne4 22. Bxe4 Rxe4 23. Qc3 Rae8 24. Rd2 Ba6 25. b5 Bb7 26. Rd4 Re2 27. Rf2 R8e3 0-1

[Event "Titled Tuesday intern op 13th Feb Early"]
[Site "Chess.com INT"]
[Date "2024.02.13"]
[Round "6"]
[White "Golubev, Mikhail"]
[Black "Reprintsev, Alexander"]
[Result "0-1"]
[WhiteElo "2461"]
[BlackElo "2241"]
[PlyCount "98"]
[EventDate "2024.02.13"]
[EventType "swiss (blitz)"]
[EventRounds "11"]
[EventCountry "USA"]
[SourceTitle "CB08_2024"]
[SourceDate "2024.02.21"]
[SourceVersion "1"]
[SourceVersionDate "2024.02.21"]
[SourceQuality "1"]

1. e4 d5 2. exd5 Qxd5 3. Nc3 Qd6 4. Nf3 c6 5. d4 Bf5 6. g3 e6 7. Bg2 Nf6 8. 0-0 Be7 9. Bf4 Qd8 10. Re1 0-0 11. Qd2 Nbd7 12. Rad1 Nb6 13. Ne5 Nfd5 14. Nxd5 cxd5 15. g4 Bg6 16. Nxg6 hxg6 17. b3 Rc8 18. g5 Bd6 19. Bg3 Bxg3 20. hxg3 Qc7 21. Rc1 Qc3 22. Qf4 Nd7 23. Bf3 Qb2 24. c4 dxc4 25. bxc4 Qxa2 26. c5 e5 27. Qg4 Qa4 28. Bxb7 Rxc5 29. Rcd1 Rc4 30. Kg2 Rxd4 31. Rxd4 Qxd4 32. Re4 Qd6 33. Qh3 f5 34. gxf6 Nxf6 35. Rh4 g5 36. Rh8+ Kf7 37. Rxf8+ Qxf8 38. Qf5 Qd6 39. Qxg5 a5 40. Qf5 a4 41. Qc2 a3 42. Qb3+ Ke7 43. Bf3 Nd7 44. Bh5 g6 45. Bxg6 Qxg6 46. Qxa3+ Qd6 47. Qf3 Qf6 48. Qe4 Nc5 49. Qd5 Qd6 0-1